Priebežný systém nezanikne ani po dôchodkovej reforme
Koncepcia reformy dôchodkového zabezpečenia. Odvody klientov do kapitalizačného piliera priamo ovplyvní deficit prostriedkov v Sociálnej poisťovni (SP). Do kapitalizačného piliera bude občan odvádzať desať perc. hrubej mzdy. Spravodlivejšie dôchodky. Poistenie dôchodkov. Vek odchodu do dôchodku. Doh...
Na minha lista:
| Autor principal: | |
|---|---|
| Formato: | Capítulo de Livro |
| Idioma: | eslovaco |
| Assuntos: | |
| Tags: |
Sem tags, seja o primeiro a adicionar uma tag!
|
MARC
| LEADER | 00000naa a2200000 4500 | ||
|---|---|---|---|
| 001 | r048501 | ||
| 005 | 20230921114612.3 | ||
| 041 | 0 | |a slo | |
| 044 | |a SK | ||
| 245 | 1 | 0 | |a Priebežný systém nezanikne ani po dôchodkovej reforme |c Ján Záborský |
| 520 | |a Koncepcia reformy dôchodkového zabezpečenia. Odvody klientov do kapitalizačného piliera priamo ovplyvní deficit prostriedkov v Sociálnej poisťovni (SP). Do kapitalizačného piliera bude občan odvádzať desať perc. hrubej mzdy. Spravodlivejšie dôchodky. Poistenie dôchodkov. Vek odchodu do dôchodku. Dohľad nad dôchodkovým poistením. | ||
| 610 | 2 | 0 | |a reformy dôchodkové |
| 610 | 2 | 0 | |a zabezpečenie dôchodkové |
| 610 | 2 | 0 | |a poistenie dôchodkové |
| 610 | 2 | 0 | |a vek |
| 610 | 2 | 0 | |a dozor |
| 610 | 2 | 0 | |a odvody |
| 100 | 1 | |a Záborský, Ján | |